Szczecińska SKM (przystanki) - Statystyki

Ogólne statystyki
  • Ten quiz został rozwiązany 66 razy
  • Średni wynik to 21 z 40
Statystyki odpowiedzi
Linia Stacja % Poprawnych
1/2/3/4 Szczecin Główny
98%
3/4 Szczecin Dąbie
86%
1 Police
82%
3/4 Szczecin Zdroje
82%
1 Szczecin Niebuszewo
80%
3 Stargard
76%
2/3/4 Szczecin Port Centralny
76%
2 Szczecin Podjuchy
71%
4/5 Goleniów
67%
1 Szczecin Pomorzany
67%
2 Gryfino
65%
1 Szczecin Gocław
65%
1 Szczecin Pogodno
65%
1 Szczecin Turzyn
63%
4 Szczecin Załom
61%
2/3/4 Szczecin Łasztownia
57%
1 Szczecin Łękno
57%
1 Szczecin Skolwin
57%
3 Szczecin Zdunowo
57%
1 Szczecin Żelechowa
51%
1 Szczecin Niemierzyn
47%
4 Goleniów Park Przemysłowy
43%
1 Szczecin Cmentarz Centralny
43%
1 Szczecin Drzetowo
43%
1 Szczecin Golęcino
43%
2 Szczecin Żydowce
43%
4 Szczecin Trzebusz
41%
2 Czepino
39%
4 Kliniska
39%
4 Rurka
39%
5 Port Lotniczy Szczecin Goleniów
37%
3 Reptowo
37%
3 Szczecin Dunikowo
37%
2 Daleszewo
35%
3 Miedwiecko
33%
3 Grzędzice
29%
1 Szczecin Nad Odrą
18%
1 Szczecin Artyleryjska
10%
1 Szczecin Glinki
10%
1 Police Piłsudskiego
8%
Nie znaleziono quizów pasujących do podanych kryteriów
Rozkład punktacji
Procent ludzi z każdym wynikiem
Percentyl według liczby udzielonych odpowiedzi
Twoja historia wyników
Nie rozwiązałeś tego quizu